Adekvátnosť jazykovej interpretácie v preklade
Charakteristika prekladu. Chyby zachytené z prekladateľskej súťaže Cena Mateja Bela. Chyby, ktorých sa dopúšťajú vydavateľstvá a prekladatelia.
Saved in:
| Main Author: | |
|---|---|
| Format: | Book Chapter |
| Language: | Slovak |
| Subjects: | |
| Tags: |
No Tags, Be the first to tag this record!
|
MARC
| LEADER | 00000naa$a2200000$$$4500 | ||
|---|---|---|---|
| 001 | 0080638 | ||
| 005 | 20240502071919.0 | ||
| 041 | 0 | |a slo | |
| 044 | |a SK | ||
| 245 | 1 | 0 | |a Adekvátnosť jazykovej interpretácie v preklade |c Milada Pauleová |
| 520 | |a Charakteristika prekladu. Chyby zachytené z prekladateľskej súťaže Cena Mateja Bela. Chyby, ktorých sa dopúšťajú vydavateľstvá a prekladatelia. | ||
| 610 | 2 | 0 | |a jazyky cudzie |
| 610 | 2 | 0 | |a prekladatelia |
| 610 | 2 | 0 | |a literatúra |
| 610 | 2 | 0 | |a kultúra |
| 100 | 1 | |a Pauleová, Milada | |